[Event "GCT Saint Louis Blitz 2019"]
[Site "Saint Louis"]
[Date "2019.08.13"]
[Round "8"]
[White "Caruana, Fabiano"]
[Black "Mamedyarov, Shakhriyar"]
[Result "1/2-1/2"]
[WhiteElo "2818"]
[BlackElo "2764"]
[Annotator "TA"]
[PlyCount "74"]
[EventDate "2019.08.13"]
[EventType "tourn"]
[EventCountry "USA"]
[SourceTitle "playchess.com"]
[Source "ChessBase"]
[SourceQuality "1"]

{[%evp 14,74,27,12,14,0,9,10,29,29,17,19,28,27,34,26,45,45,57,58,46,50,62,68,75,56,85,31,50,19,80,37,194,202,231,232,213,218,263,275,308,170,183,171,166,153,194,206,192,40,81,-75,-42,-414,-414,-416,-431,-417,-412,-403,-391,-1281,-1225]} 1. e4 e5 2. Nf3 Nc6 3. Bc4 Bc5 4. c3 Nf6 5. d3 d6 6. O-O h6 7. Re1 O-O 8. h3 a5 {C54: Giuoco Piano: 4 c3 Nf6, main lines with 5 d4 and 5 d3} 9. Bb3 (9. Nbd2 Be6 10. Bb5 Qb8 11. Bxc6 bxc6 12. d4 exd4 13. cxd4 Bb4 14. a3 Bxd2 15. Nxd2 {½-½ (43) Giri,A (2797)-Ding,L (2809) Shenzhen 2019}) 9... Re8 10. Nbd2 Be6 {The position is equal.} 11. Ba4 Bd7 12. Nf1 Ne7 13. d4 $146 ({Predecessor:} 13. Bxd7 Qxd7 14. Ng3 Ng6 15. d4 exd4 16. cxd4 {½-½ (36) Roesch,M (2113)-Tschann,S (2260) Baden 2016}) 13... exd4 14. cxd4 Bb4 15. Re2 {Threatens to win with Bxd7.} Bxa4 16. Qxa4 {Black must now prevent a3.} d5 $1 {[%cal Rd5e4]} 17. e5 Ng6 18. Ng3 Nd7 19. Qb3 Nb6 20. Nf5 ({Better is} 20. Nh2 $16) 20... Qd7 $14 21. Qc2 Rac8 (21... Bf8 $11) 22. b3 c5 $2 (22... a4 $14) 23. Nd6 $18 {[%mdl 64] Double Attack} cxd4 24. Nxc8 Rxc8 25. Qd3 $1 Rc3 26. Qxd4 Qb5 27. Qd1 (27. Re3 $142 Rc7 28. Bd2) 27... Rxf3 28. gxf3 Bc3 29. Rb1 d4 30. Re4 Qd7 31. Kh2 $2 (31. e6 $1 $18 {[%cal Re6d7]} fxe6 32. Qe2) 31... Qf5 $1 $14 32. Qe2 $2 {[#]} (32. Qh1 $1 $16) 32... Nd7 $1 $17 33. Bd2 $2 {[%mdl 8192] [#]} (33. e6 $1 $15 fxe6 34. Kg2) 33... Bxd2 $1 $19 34. Qxd2 Ndxe5 35. Qe2 Nxf3+ 36. Kg3 {[#]} Ng5 $1 {[%csl Gg5,LRe4,LRh3][%cal Rf5h3][%mdl 576] Double Attack} 37. Rg4 $2 (37. f3 Qxh3+ 38. Kf2) 37... Qxb1 {[%mdl 32768] Accuracy: White = 35%, Black = 43%. . An unexpected result.} 1/2-1/2

[Event "GCT Saint Louis Blitz 2019"]
[Site "Saint Louis"]
[Date "2019.08.13"]
[Round "8"]
[White "Aronian, Levon"]
[Black "Carlsen, Magnus"]
[Result "1/2-1/2"]
[WhiteElo "2765"]
[BlackElo "2882"]
[Annotator "TA"]
[PlyCount "79"]
[EventDate "2019.08.13"]
[EventType "tourn"]
[EventCountry "USA"]
[SourceTitle "playchess.com"]
[Source "ChessBase"]
[SourceQuality "1"]

{[%evp 11,79,9,9,0,4,0,6,-6,-6,-7,0,-2,0,3,51,0,0,0,66,-22,-20,-71,-54,-67,-72,-193,0,-122,-43,-51,-14,-19,-26,-15,-19,-22,-31,-36,-43,-39,-37,-36,-41,-32,0,0,0,0,0,-85,0,0,0,0,0,0,0,0,0,0,0,0,0,0,0,0,0,0,0,0]} 1. c4 e6 2. g3 g6 3. Bg2 Bg7 4. Nc3 Ne7 5. e4 c5 6. d3 Nbc6 7. Be3 {A36: Symmetrical English vs ...g6: 4 Bg2 Bg7} (7. Nge2 O-O 8. O-O d6 9. Rb1 b6 10. a3 Bb7 11. b4 Nd4 12. Be3 Qd7 13. Qd2 Nxe2+ 14. Nxe2 cxb4 15. axb4 d5 16. Qa2 Rfd8 17. Rfc1 Nc6 18. Bg5 Re8 19. cxd5 exd5 20. exd5 Ne7 21. Nf4 {½-½ (71) Gordievsky,D (2622)-Krasenkow,M (2671) Wijk aan Zee 2018}) 7... d6 8. h4 h6 9. f4 $146 ({Predecessor:} 9. Qd2 Rb8 10. Rb1 a6 11. a3 Qa5 12. Nf3 Nd4 13. Nh2 Nec6 14. O-O Nb3 {0-1 (40) Hentzgen,T (2061)-Gempe,T (2206) Germany 2017}) 9... h5 10. Nf3 Nd4 11. O-O Nec6 12. Rb1 b6 {[#]} 13. Ne2 (13. f5 $1 $14 {[%mdl 512]}) 13... Nxf3+ $11 14. Bxf3 e5 ({Better is} 14... O-O $11) 15. Bf2 ({White should try} 15. f5 $1 $14) 15... exf4 16. gxf4 (16. Nxf4 $11 Be5 17. Bg2) 16... Bg4 17. Nc3 Bd4 18. e5 {[#]} (18. Bxg4 $17 {was necessary.} hxg4 19. Qxg4) 18... Rc8 $2 (18... Kf8 $1 $19 {Hoping for ...Qxh4.} 19. Bxd4 Nxd4 20. Bxg4 hxg4 21. Qxg4 Rxh4) 19. exd6 {[#]} (19. Bxc6+ $1 $11 {keeps the balance.} Rxc6 20. Qa4 {[%mdl 64] Double Attack}) 19... Qxh4 (19... Kf8 $1 $17 {Strongly threatening ...Qxh4.} 20. Bxd4 Nxd4 21. Bxg4 hxg4 22. Qxg4 Rc6) 20. Qe1+ $15 {[#]} Kd7 $1 {[%mdl 512]} 21. Bxc6+ Rxc6 22. Bxd4 Qxe1 $40 {[%mdl 128] Black is up to no good.} 23. Rbxe1 cxd4 24. Nb5 {Black should prevent Re7+.} a6 25. Re7+ Kd8 26. Nc7 Rxd6 27. Rxf7 Bf5 28. Re1 Rd7 29. Rxd7+ Kxd7 $11 {[%mdl 4096] Endgame KRB-KRN} 30. Nd5 (30. Nxa6 $11 Bxd3 31. Rd1 Bxc4 32. Rxd4+ {[%mdl 64] Double Attack} Kc6 33. Rxc4+ Kb5 {[%mdl 64] Double Attack} 34. Rc7) 30... Bxd3 (30... Kd6 $17 31. Re5 Bxd3 32. Nxb6 Rd8) 31. Rd1 {The position is equal.} Bf5 32. Rxd4 Kd6 33. b4 Kc6 34. Ne7+ Kc7 35. Nxf5 gxf5 36. Rd5 Re8 37. Rxf5 Re4 38. c5 Rxb4 39. cxb6+ Kxb6 40. Kg2 {Accuracy: White = 40%, Black = 66%.} 1/2-1/2

[Event "GCT Saint Louis Blitz 2019"]
[Site "Saint Louis"]
[Date "2019.08.13"]
[Round "8"]
[White "Dominguez Perez, Leinier"]
[Black "Vachier-Lagrave, Maxime"]
[Result "1-0"]
[WhiteElo "2763"]
[BlackElo "2778"]
[Annotator "TA"]
[PlyCount "97"]
[EventDate "2019.08.13"]
[EventType "tourn"]
[EventCountry "USA"]
[SourceTitle "playchess.com"]
[Source "ChessBase"]
[SourceQuality "1"]

{[%evp 23,97,17,39,34,31,16,70,41,69,52,47,24,76,0,0,0,0,-40,0,0,0,-17,-17,-20,-33,-15,-20,-29,-33,-16,0,0,0,0,0,0,0,-8,0,0,19,20,101,25,21,30,72,62,84,72,71,79,64,47,143,137,411,379,869,984,992,992,965,954,967,927,1622,1518,1590,1099,2062,1974,1858,1612,1714,1598]} 1. e4 c5 2. Nf3 d6 3. d4 cxd4 4. Nxd4 Nf6 5. Nc3 a6 6. Be3 e5 7. Nb3 Be7 8. f3 Be6 9. Qd2 Nbd7 10. g4 b5 11. O-O-O O-O 12. g5 b4 13. Ne2 {B90: Sicilian Najdorf: Unusual White 6th moves, 6 Be3 Ng4 and 6 Be3 e5} (13. Na4 Nh5 14. Qxb4 Bxg5 15. Bxg5 Qxg5+ 16. Kb1 Qf6 17. Qxd6 Qxf3 18. Rg1 Qe3 19. Bxa6 Nhf6 20. Rge1 Qa7 {1-0 (43) Yu,Y (2760)-Duda,J (2724) Liaocheng 2018}) 13... Nh5 14. Ng3 Nf4 ({Black should play} 14... Nxg3 $11 15. hxg3 Re8) 15. h4 $14 {White is slightly better.} a5 16. Kb1 a4 17. Nc1 (17. Nd4 $5 exd4 18. Bxf4 $14) 17... b3 {[#]} (17... Qc7 $11) 18. cxb3 ({White should try} 18. Nf5 $1 $16) 18... axb3 $11 19. a3 Qc7 $36 {[%mdl 2048] White is under pressure.} 20. Bxf4 $146 {Threatens to win with Be3.} (20. Nf5 {looks sharper.} Bxf5 21. exf5 d5 22. Bxf4 exf4 23. Bb5) ({Predecessor:} 20. Nf5 Bxf5 21. exf5 {0-1 (37) Athanasiadis,M (2066)-Kanakaris,G (2305) Blagoevgrad 2013}) 20... exf4 (20... Rfc8 {with more complications.} 21. Bd3 exf4 22. Nf5 Ne5 23. Ne2 Bxf5 24. Rc1 Qb7) 21. Nf5 Ne5 22. Nxe7+ (22. Qc3 $5 {[%cal Rc3c7]} Qa7 23. Be2 $11) 22... Qxe7 23. Qxd6 Qxd6 24. Rxd6 Nxf3 {Hoping for ...Rfd8.} 25. Be2 Ne5 26. Rf1 Rfc8 27. Rxf4 Rc2 28. Rf1 g6 {...Bc4 is the strong threat.} 29. Rfd1 Kg7 30. R1d2 Rc7 31. Rd1 Ra5 32. Rb6 Rc2 {[#]} (32... Ra4 $1 $11 {remains equal.}) 33. Bd3 (33. Rxe6 $1 $16 {[%mdl 512]} fxe6 34. Nxb3 Rxe2 35. Nxa5) 33... Rh2 34. Nxb3 Bxb3 35. Rxb3 Nxd3 36. Rbxd3 Rxh4 {[%mdl 4096] Endgame KRR-KRR} 37. Rd5 Ra8 38. R1d4 Rg4 (38... h6 $14) 39. a4 $16 {[%cal Ba3a4,Ba4a5,Ba5a6][%mdl 32]} Re8 $2 {[%mdl 8192]} (39... h6 $16) 40. a5 $18 Rexe4 $2 (40... Ra8 41. Kc2 Rc8+ 42. Kb3 Rb8+ 43. Kc3 Rg3+ 44. Rd3 Rc8+ 45. Kd4 Rg2) 41. Rxe4 {White is clearly winning.} Rxe4 {KR-KR} 42. a6 Ra4 43. Rd6 Ra5 44. Kc2 Rxg5 45. b4 Rg2+ 46. Kb3 Rg1 47. Rd2 Rb1+ 48. Rb2 Rc1 49. a7 {Accuracy: White = 66%, Black = 31%.} 1-0

[Event "GCT Saint Louis Blitz 2019"]
[Site "Saint Louis"]
[Date "2019.08.13"]
[Round "8"]
[White "Yu, Yangyi"]
[Black "Karjakin, Sergey"]
[Result "0-1"]
[WhiteElo "2752"]
[BlackElo "2750"]
[Annotator "TA"]
[PlyCount "138"]
[EventDate "2019.08.13"]
[EventType "tourn"]
[EventCountry "USA"]
[SourceTitle "playchess.com"]
[Source "ChessBase"]
[SourceQuality "1"]

{[%evp 9,138,24,26,9,28,31,45,39,47,41,47,37,62,47,112,80,117,61,120,62,225,75,91,10,15,-7,8,0,42,44,45,37,43,44,43,37,39,13,32,36,41,20,14,28,34,27,26,0,15,0,15,0,6,0,0,0,0,0,0,0,0,0,42,0,0,-5,-5,-5,-5,-19,0,-27,0,-77,-53,-106,0,0,0,0,0,-35,-12,-16,-21,-677,-648,-652,-646,-624,-425,-638,-604,-570,-547,-1232,-1230,-1437,-992,-6940,-7042,-6129,-6111,-2773,-2554,-29983,-29984,-29985,-29986,-29987,-29985,-29985,-29983,-29983,-29982,-29983,-29984,-29984,-29985,-29987,-29988,-29988,-29989,-29989,-29990,-29990,-29991,-29993,-29990,-29990,-29991]} 1. e4 c6 2. d3 d5 3. f4 (3. Nd2 e5 4. Ngf3 Bd6 5. d4 exd4 6. exd5 Nf6 7. Nc4 Bb4+ 8. Bd2 Bxd2+ 9. Qxd2 cxd5 10. Nce5 O-O 11. O-O-O Nc6 12. Nxc6 bxc6 13. Qxd4 Bg4 14. Bd3 {1-0 (38) Carlsen,M (2832)-So,W (2815) chess.com INT 2017}) 3... g6 4. Be2 Bg7 5. Nf3 Nh6 6. c3 {B10: Caro-Kann: 2 d3 and 2 c4} Qb6 7. e5 $146 ({Predecessor:} 7. Qb3 Nd7 8. exd5 Qxb3 9. axb3 cxd5 10. Be3 a6 11. h3 {1-0 (84) Onkoud,A (2317)-Marechal,A (2248) Rosny sous Bois 2002}) 7... Bg4 8. a4 {White is slightly better.} a5 9. Nd4 Bxe2 10. Qxe2 e6 11. Be3 {Black must now prevent Nxe6!} Qa6 (11... c5 $14) 12. Nd2 Nd7 {[#]} 13. N2b3 (13. g4 $1 $16) 13... Ng8 ({Black should play} 13... Nf5 $14) 14. O-O (14. c4 $16) 14... h5 $2 {[#]} (14... Ne7 $14) 15. Bf2 (15. f5 $1 $18 {[%cal Rf5e6] is the precise move to win.} gxf5 16. Nf3) 15... Bf8 16. Bh4 (16. c4 $16 {Strongly threatening cxd5.} dxc4 17. dxc4) 16... Be7 $11 17. Bg5 Qb6 18. Kh1 Qc7 19. Nf3 Bxg5 20. Nxg5 Nh6 21. Nd4 Qb6 22. Rab1 Nc5 23. Qc2 Nf5 24. Nxf5 gxf5 25. b4 axb4 26. Rxb4 Qa6 27. c4 d4 28. h4 Rd8 29. Rfb1 Rd7 30. Kh2 Qa5 31. Qe2 Kf8 32. Qf3 Qd8 33. Rb6 Qa8 34. R6b4 Kg7 35. Qg3 {White wants to mate with Nxe6+.} Kh6 36. Qf3 Qd8 37. Qe2 Qe7 38. Qc2 Ra8 39. Qd1 Rdd8 40. Qc2 Ra7 41. Qd1 (41. R4b2 $11) 41... Rda8 $17 42. Qg1 (42. Ra1 $15) 42... Qd7 ({And not} 42... Rxa4 43. Rxa4 Rxa4 44. Qxd4 $14) (42... Nxd3 $17 43. R4b3 Nc5 {[%mdl 64] Double Attack}) 43. Qd1 $11 Rxa4 44. Rxa4 Rxa4 45. Rb2 Ra3 46. Rd2 Qe7 47. Qc1 $2 {[%mdl 8192]} (47. Qb1 $11) 47... Nb3 $19 {[%mdl 64] Double Attack} 48. Qb2 Nxd2 49. Qxd2 {[%mdl 4096] Endgame KQR-KQN} Rb3 50. Qe2 (50. Qc2 $142 Ra3 51. Qb1) 50... b5 51. cxb5 cxb5 52. Nf3 b4 53. Qa2 Rxd3 54. Qc4 {[#]} Rxf3 $1 55. gxf3 Qxh4+ {[%mdl 64] Double Attack. KQ-KQ} 56. Kg2 Qxf4 57. Qc7 Qg5+ {Black mates.} 58. Kf2 Kg7 59. Qd6 Qe3+ 60. Kg2 d3 61. Qd8 Qh6 62. Qxd3 Qg5+ 63. Kf2 h4 64. Qd4 h3 65. Qxb4 Qg2+ 66. Ke3 h2 67. Qh4 h1=Q 68. Qf6+ Kh7 69. Qxf7+ Qg7 {Accuracy: White = 24%, Black = 47%.} 0-1

[Event "GCT Saint Louis Blitz 2019"]
[Site "Saint Louis"]
[Date "2019.08.13"]
[Round "8"]
[White "Rapport, Richard"]
[Black "Ding, Liren"]
[Result "1/2-1/2"]
[WhiteElo "2747"]
[BlackElo "2805"]
[Annotator "TA"]
[PlyCount "40"]
[EventDate "2019.08.13"]
[EventType "tourn"]
[EventCountry "USA"]
[SourceTitle "playchess.com"]
[Source "ChessBase"]
[SourceQuality "1"]

{[%evp 14,40,24,12,23,23,11,21,18,12,18,22,19,27,22,11,11,11,11,12,12,12,14,8,14,0,0,0,2]} 1. Nf3 d5 2. g3 g6 3. Bg2 Bg7 4. d4 Nf6 5. O-O O-O 6. c4 dxc4 7. Na3 c5 8. dxc5 c3 {D77: Fianchetto Grünfeld: 6 0-0: Replies other than 6...c6} 9. Nb5 Na6 {[%cal Bb8a6,Ba6c5,Bc5e4][%mdl 32]} 10. Nxc3 Nxc5 11. Be3 {[#] And now Qxd8 would win.} Nfe4 $146 ({Predecessor:} 11... Nce4 12. Nxe4 {½-½ (31) So,W (2778)-Karjakin,S (2782) Leuven 2018}) 12. Nxe4 Nxe4 13. Bd4 Bxd4 14. Qxd4 {The position is equal.} Qxd4 15. Nxd4 Nd6 16. Rfc1 Rd8 17. f4 Bg4 18. h3 Bd7 19. Kf2 Rac8 20. b3 b6 {Accuracy: White = 73%, Black = 82%.} 1/2-1/2

[Event "GCT Saint Louis Blitz 2019"]
[Site "Saint Louis"]
[Date "2019.08.13"]
[Round "9"]
[White "Carlsen, Magnus"]
[Black "Rapport, Richard"]
[Result "1-0"]
[WhiteElo "2882"]
[BlackElo "2747"]
[Annotator "TA"]
[PlyCount "96"]
[EventDate "2019.08.13"]
[EventType "tourn"]
[EventCountry "USA"]
[SourceTitle "playchess.com"]
[Source "ChessBase"]
[SourceQuality "1"]

{[%evp 11,96,-4,0,0,19,8,20,9,22,12,15,8,12,0,0,0,0,0,8,7,25,28,39,39,39,39,39,33,45,45,45,32,45,45,37,41,39,39,47,47,47,46,56,39,43,39,39,34,46,39,39,34,46,35,39,37,46,46,46,20,106,125,104,93,214,212,226,226,225,273,530,496,756,687,844,743,795,790,747,731,2908,1082,2506,3741,1609,1340,1195]} 1. e4 e6 2. f4 d5 3. e5 c5 4. Nf3 Nh6 5. Na3 Nc6 6. c3 Nf5 7. Nc2 {C00: French: Unusual White 2nd moves} Nh4 (7... Be7 8. d4 Bd7 9. Bd3 g6 10. O-O cxd4 11. Bxf5 gxf5 12. Ncxd4 Qb6 13. Rf2 Na5 14. b3 Rc8 {0-1 (45) Izoria,Z (2603)-Smirnov,A (2569) chess.com INT 2019}) 8. Nxh4 Qxh4+ {[%mdl 64] Double Attack} 9. g3 {The position is equal.} Qd8 10. d4 $146 ({Predecessor:} 10. Bg2 Be7 11. O-O O-O 12. d3 Qc7 13. Be3 Bd7 14. Bf2 b6 {1-0 (58) Komliakov,V (2485)-Pelikian,J (2415) Elista 1998}) 10... Bd7 11. Be3 Qb6 12. Rb1 cxd4 13. Nxd4 Bc5 14. Be2 Nxd4 15. Bxd4 Bxd4 16. Qxd4 Qxd4 17. cxd4 Ke7 18. Kd2 Rac8 19. Rbc1 Rxc1 20. Rxc1 $14 {[%mdl 4096] Endgame Hoping for Rc7. KRB-KRB} Rc8 21. Rf1 Rc6 22. Rf3 Rb6 23. b3 Bb5 24. Bd1 Ra6 25. a4 Bd7 26. g4 h6 27. h4 Rb6 28. Bc2 a5 29. Rf1 Rc6 30. Rb1 Rb6 31. Re1 Rc6 32. Rg1 Rc8 33. Bd3 Rc7 34. Rb1 Rc8 35. b4 b6 (35... axb4 $11 36. Rxb4 Bc6) 36. bxa5 $16 bxa5 37. Rb7 Kd8 {[#]} (37... Ke8 $16 {might work better.}) 38. Ra7 $1 $18 Rb8 39. Rxa5 Rb4 {[#]} 40. Ra8+ $1 Kc7 $2 (40... Ke7 41. Ra7 Ke8) 41. Ra7+ {White is clearly winning.} Kc8 (41... Kd8 $142 42. Kc3 Rb8) 42. Kc3 Rxa4 43. Ba6+ Kb8 44. Rxd7 Rxa6 45. Rxf7 h5 46. Rxg7 (46. gxh5 $142 Rc6+ 47. Kd2) 46... hxg4 47. h5 Ra3+ {[#]} 48. Kb4 $1 Rh3 {Accuracy: White = 70%, Black = 42%.} 1-0

[Event "GCT Saint Louis Blitz 2019"]
[Site "Saint Louis"]
[Date "2019.08.13"]
[Round "9"]
[White "Ding, Liren"]
[Black "Caruana, Fabiano"]
[Result "1-0"]
[WhiteElo "2805"]
[BlackElo "2818"]
[Annotator "TA"]
[PlyCount "85"]
[EventDate "2019.08.13"]
[EventType "tourn"]
[EventCountry "USA"]
[SourceTitle "playchess.com"]
[Source "ChessBase"]
[SourceQuality "1"]

{[%evp 14,85,29,22,14,15,37,25,44,33,45,39,53,29,32,45,80,75,76,70,99,81,106,96,97,81,177,194,222,86,77,58,69,70,57,46,79,43,34,40,72,54,68,75,72,39,102,99,98,101,85,85,387,385,379,376,366,363,385,388,508,498,614,623,597,618,623,605,1129,1111,1160,1081,29998,29999]} 1. c4 e5 2. g3 Nc6 3. Bg2 g6 4. Nc3 Bg7 5. e3 Nge7 6. Nge2 O-O 7. O-O d6 8. d3 Rb8 {A25: English Opening vs King's Indian with ...Nc6 but without early d3} (8... Be6 9. Nd5 Qd7 10. Nec3 Rae8 11. b4 e4 12. dxe4 Bxd5 13. exd5 Nxb4 14. Bd2 Nd3 15. Rb1 Nc5 16. Ne2 Nf5 17. Qc2 h5 {½-½ (54) Carlsen,M (2837)-Ding,L (2774) Saint Louis 2017}) 9. b3 a6 10. Bb2 b5 {White has an edge.} 11. Qd2 Bd7 $146 ({Predecessor:} 11... Qd7 12. Rac1 Nd8 13. cxb5 axb5 14. d4 exd4 15. Nxd4 Bb7 16. e4 {0-1 (53) Mogranzini,R (2514)-Valsecchi,A (2479) Rome 2016}) 12. Rac1 h5 13. h4 Bg4 14. Nd5 Nxd5 15. cxd5 Ne7 16. Rc2 Qd7 17. Rfc1 Rfc8 18. Kh2 {[#] Black must now prevent f3.} Qd8 19. d4 b4 (19... Bxe2 $16 20. Qxe2 exd4) 20. e4 $18 Rb6 21. Ng1 (21. f3 $18 {is more deadly.} Bd7 22. dxe5) 21... exd4 $16 22. Bxd4 Bxd4 23. Qxd4 {aiming for Rxc7!} c5 24. Qe3 Qf8 25. Nh3 (25. f3 $5 {[%cal Rf3g4]} Bd7 26. Bh3 $14) 25... Re8 26. Qf4 Nc8 27. Ng5 Rb7 28. Bf1 a5 29. Ba6 Rc7 (29... Ra7 $1 $14 30. Bb5 Ree7) 30. f3 $36 {[%mdl 2048] White is on the roll.} Bd7 31. g4 hxg4 32. fxg4 {And now Rf2 would win.} Na7 $2 {[%mdl 8192]} (32... f6 $16) 33. Rf2 Bb5 34. Bxb5 Nxb5 35. Rcf1 Qh6 {intending ...Nc3.} 36. Kh3 Ree7 37. Qf6 Qg7 38. h5 Qxf6 39. Rxf6 gxh5 40. gxh5 Nc3 41. Rg1 {[#] Intending Ne6+ and mate.} Kg7 42. Rxd6 {White wants to mate with h6+.} Kf8 43. Nh7+ {Accuracy: White = 66%, Black = 24%.} 1-0

[Event "GCT Saint Louis Blitz 2019"]
[Site "Saint Louis"]
[Date "2019.08.13"]
[Round "9"]
[White "Vachier-Lagrave, Maxime"]
[Black "Aronian, Levon"]
[Result "1-0"]
[WhiteElo "2778"]
[BlackElo "2765"]
[Annotator "TA"]
[PlyCount "60"]
[EventDate "2019.08.13"]
[EventType "tourn"]
[EventCountry "USA"]
[SourceTitle "playchess.com"]
[Source "ChessBase"]
[SourceQuality "1"]

{[%evp 11,60,14,14,12,34,14,26,14,26,23,20,5,24,10,35,24,33,32,41,38,52,49,37,-60,-71,-77,47,-7,68,0,0,-86,0,5,34,-21,-18,-33,-23,-20,-32,0,598,603,631,622,830,881,1686,760,650]} 1. e4 e5 2. Nf3 Nc6 3. Bc4 Bc5 4. c3 Nf6 5. d3 a6 6. O-O d6 7. a4 {C54: Giuoco Piano: 4 c3 Nf6, main lines with 5 d4 and 5 d3} Ba7 8. Re1 O-O 9. h3 {White has an edge.} b5 10. Bb3 b4 11. Nbd2 bxc3 12. bxc3 Na5 13. Bc2 Rb8 14. Nf1 {[#]} Be6 $146 ({Predecessor:} 14... h6 15. d4 {½-½ (34) Bacrot,E (2723)-Van Kampen,R (2646) Germany 2018}) 15. Bg5 h6 16. Bh4 $1 g5 17. Nxg5 (17. Bg3 $14) 17... hxg5 $15 18. Bxg5 {[#] Black must now prevent Ng3.} Kg7 ({Black should play} 18... Bxf2+ $1 $17 {[%mdl 512]} 19. Kxf2 Nxe4+ {[%mdl 64] Discovered Attack} 20. Rxe4 Qxg5) 19. Qf3 (19. d4 $14) 19... Rh8 (19... Kg6 $11 20. Bh4 Rh8 21. Qg3+ Kh7) 20. Ne3 (20. Rab1 $14) 20... Rb2 $11 21. Re2 (21. Rf1 $11 {remains equal.}) 21... Kg6 (21... Bxe3 $1 $17 22. Qxe3 Qb8) 22. Nf5 Kxg5 23. Qg3+ (23. Bd1 $1 $14 Bxf5 24. Qxf5+ Kh6 25. Rxb2) 23... Kh5 {aiming for ...Bxf5.} 24. Bd1 {[#]} Bxf5 $3 {[%mdl 512]} 25. Rxb2+ (25. exf5 Rxe2) 25... Kh6 {Strongly threatening ...Be6.} 26. exf5 Nh7 $2 {[%mdl 8192]} (26... Nd5 $11 {and Black is okay.}) 27. Rb4 $18 {White is clearly winning.} Ng5 28. Rg4 {And now Qh4+ would win.} f6 29. h4 Rh7 30. Rb1 (30. hxg5+ $142 fxg5 {[#]} 31. Qh4+ $3 {[%mdl 512]} Kg7 32. f6+ $1 {[%mdl 512]} Kh8 33. Qxg5) 30... Kg7 {Accuracy: White = 52%, Black = 33%.} 1-0

[Event "GCT Saint Louis Blitz 2019"]
[Site "Saint Louis"]
[Date "2019.08.13"]
[Round "9"]
[White "Mamedyarov, Shakhriyar"]
[Black "Yu, Yangyi"]
[Result "0-1"]
[WhiteElo "2764"]
[BlackElo "2752"]
[Annotator "TA"]
[PlyCount "58"]
[EventDate "2019.08.13"]
[EventType "tourn"]
[EventCountry "USA"]
[SourceTitle "playchess.com"]
[Source "ChessBase"]
[SourceQuality "1"]

{[%evp 10,58,-5,-14,12,-43,-40,-53,-5,-7,22,25,41,38,41,22,25,-3,69,0,83,22,46,22,26,18,19,0,0,0,37,0,0,-164,83,-293,-291,-367,-352,-377,-368,-425,-397,-683,-642,-666,-689,-666,-621,-680,-638]} 1. d4 Nf6 2. Bg5 d5 3. Bxf6 exf6 4. e3 Bd6 5. Nd2 c6 6. Bd3 Be6 {D00: 1 d4 d5: Unusual lines} (6... Qe7 7. Qf3 g6 8. h3 Nd7 9. g4 h5 10. Ne2 Nb6 11. Rg1 hxg4 12. hxg4 Bd7 13. O-O-O O-O-O 14. Kb1 {0-1 (59) Duda,J (2737)-So,W (2780) chess.com INT 2018}) 7. g4 $146 (7. c4 $11) ({Predecessor:} 7. Qf3 Nd7 8. Ne2 g6 9. e4 O-O 10. O-O Qc7 11. h3 dxe4 12. Nxe4 Bh2+ 13. Kh1 f5 {1-0 (51) Agdestein,S (2588)-Nielsen,P (2564) Germany 2000}) 7... Nd7 8. Qf3 a5 {Black is slightly better.} 9. Ne2 Qb6 10. O-O-O a4 11. a3 O-O-O 12. c4 Qa5 13. Kb1 Kb8 (13... Qa6 $11) 14. h3 (14. c5 $14 Bc7 15. Nc3) 14... Bc7 (14... Qa6 $1 $11 {remains equal.}) 15. Nc3 (15. c5 $16) 15... dxc4 $11 16. Bxc4 (16. Nxc4 {looks sharper.} Qa7 17. Qe2 g6 18. f4 f5 19. gxf5 gxf5 20. Rhg1) 16... Nb6 17. Bxe6 fxe6 18. Qe4 e5 19. Nf3 exd4 20. Nxd4 Be5 21. Nce2 $2 (21. h4 $1 $11 {and White stays safe.}) 21... Rhe8 $2 {[#]} (21... c5 $1 $19 {[%cal Rc5d4]} 22. Ne6 Rd2 23. Rxd2 Qxd2 {[%mdl 64] Double Attack}) 22. Qxh7 $2 {[%mdl 8192] [#]} (22. Qxc6 $1 $16 {[%mdl 512]} Rc8 (22... bxc6 23. Nxc6+) 23. Qb5 Qxb5 24. Nxb5) 22... c5 $1 $19 23. Nf3 {[#]} Bxb2 $1 {[%mdl 512] And now ...Nc4 would win.} 24. Qc2 (24. Kxb2 Qb5+) 24... Bxa3 25. Ka2 Bb4 26. Rxd8+ $2 (26. Rc1) 26... Rxd8 {Black is clearly winning.} 27. Rd1 Rxd1 28. Qxd1 Qb5 {Threatens to win with ...Qc4+.} 29. Qc2 Nd5 {Accuracy: White = 30%, Black = 50%.} 0-1